| 000 | 00442nam a22001577a 4500 | ||
|---|---|---|---|
| 020 | _a047181976X | ||
| 082 |
_a621.38153 _bLEE _cL-11, P-33 |
||
| 100 |
_aLee, Reuben _941718 |
||
| 245 |
_aFlectronic Transformers and Circuits _cLee, Reuben |
||
| 250 | _a3rd | ||
| 260 |
_aNew York _bJohn Wiley & Sons _c1988 |
||
| 300 |
_axix, 397 p. : _bill, ; _c22 cm. |
||
| 526 |
_a0 _b0 _c0 _d621_381530000000000_LEE |
||
| 650 |
_aMCE _9379 |
||
| 942 |
_2ddc _cBK |
||
| 999 |
_c545764 _d545764 |
||